000 00448nam a2200145 i 4500
001 bg
100 1 _aBOLEŃSKI, Marian
245 0 _aOsiadanie nowo wznoszonych budowli w zależności od podłoża gruntowego :
_bwyniki 20-letnich badań w Instytucie Techniki Budowlanej /
_cMarian Boleński.
260 _aWarszawa,
_c1973.
040 _cBPK
041 _apol
080 _a69:624.131
942 _cKS
008 s pl f |000 0 pol
999 _c27120
_d27120
856 _uhttp://koha.tu.koszalin.pl/cgi-bin/koha/opac-detail.pl?biblionumber=27120
_yKatalog online BPK